Landless workers and rice farmers : (Record no. 549)

MARC details
000 -LEADER
fixed length control field 00966cam a2200265 a 4500
001 - CONTROL NUMBER
control field BD-DhSAU 549
003 - CONTROL NUMBER IDENTIFIER
control field BD-DhSAU
005 - DATE AND TIME OF LATEST TRANSACTION
control field 20150104205002.0
008 - FIXED-LENGTH DATA ELEMENTS--GENERAL INFORMATION
fixed length control field 840626s1982 ph a b 000 0 eng
010 ## - LIBRARY OF CONGRESS CONTROL NUMBER
--
040 ## - CATALOGING SOURCE
Transcribing agency BD-DhSAU
082 00 - DEWEY DECIMAL CLASSIFICATION NUMBER
Classification number 630.92
Edition number 22
Item number LEL
100 1# - MAIN ENTRY--PERSONAL NAME
Personal name Ledesma, Antonio J.
245 10 - TITLE STATEMENT
Title Landless workers and rice farmers :
Remainder of title peasant subclasses under agrarian reform in two Philippine villages /
Statement of responsibility, etc. Antonio J. Ledesma.
260 ## - PUBLICATION, DISTRIBUTION, ETC. (IMPRINT)
Place of publication, distribution, etc. Los Baños, Laguna, Philippines :
Name of publisher, distributor, etc. International Rice Research Institute,
Date of publication, distribution, etc. 1982.
300 ## - PHYSICAL DESCRIPTION
Extent xix, 214 p. :
Other physical details ill. ;
Dimensions 23 cm.
504 ## - BIBLIOGRAPHY, ETC. NOTE
Bibliography, etc Bibliography: p. 209-212.
590 ## - Name of Cataloguer
Name of Cataloger IMRAN
650 #0 - SUBJECT ADDED ENTRY--TOPICAL TERM
Topical term or geographic name as entry element Land reform
Geographic subdivision Philippines
General subdivision Case studies.
650 #0 - SUBJECT ADDED ENTRY--TOPICAL TERM
Topical term or geographic name as entry element Agronomy
650 #0 - SUBJECT ADDED ENTRY--TOPICAL TERM
Topical term or geographic name as entry element Agriculture
General subdivision Economic aspects
Geographic subdivision Philippines
General subdivision Case studies.
650 #0 - SUBJECT ADDED ENTRY--TOPICAL TERM
Topical term or geographic name as entry element Rice workers
Geographic subdivision Philippines
General subdivision Case studies.
650 #0 - SUBJECT ADDED ENTRY--TOPICAL TERM
Topical term or geographic name as entry element Rice farmers
Geographic subdivision Philippines
General subdivision Case studies.
710 2# - ADDED ENTRY--CORPORATE NAME
Corporate name or jurisdiction name as entry element International Rice Research Institute.
942 ## - ADDED ENTRY ELEMENTS (KOHA)
Source of classification or shelving scheme Dewey Decimal Classification
Koha item type Book
Holdings
Withdrawn status Lost status Source of classification or shelving scheme Damaged status Not for loan Home library Branch Name Shelving location Date acquired Total Checkouts Full call number Barcode Date last seen Price effective from Koha item type Collection code
    Dewey Decimal Classification     SAU Library SAU Library General Stacks 13/08/2003   630.92 LEL 30865 04/01/2015 04/01/2015 Book  
    Dewey Decimal Classification   Not For Loan SAU Library SAU Library Reference 16/02/2002   630.92 LEL 30249 30/04/2015 30/04/2015 Book Reference